000
00296nam a22001217a 4500
020
_a
NA
082
_2
22
_a
629.819
100
_a
Natarajan, Ananda and Babu, Ramesh P.
245
_a
Control systems engineering /
260
_b
Scitech Publications,
_c
c2005.
300
_a
0
_b
ill. ;
942
_2
ddc
_c
EE
999
_c
4081
_d
4081